000 01688nam a22003614a 4500
001 ebr10422544
003 CaPaEBR
006 m u
007 cr cn|||||||||
008 090827s2010 si a sb 001 0 eng
010 _z 2009035927
016 7 _z101514076
_2DNLM
020 _z9789812839039 (pbk. : alk. paper)
020 _z9812839038 (pbk. : alk. paper)
040 _aCaPaEBR
_cCaPaEBR
035 _a(OCoLC)670429567
050 1 4 _aRC409
_b.W55 2010eb
082 0 4 _a616.8/5607543
_222
100 1 _aWilder-Smith, Einar P.
245 1 0 _aHigh-resolution ultrasonography for peripheral nerve diagnostics
_h[electronic resource] :
_ba guide for clinicians involved in diagnosis and management of peripheral nerve disorders /
_cEinar P. Wilder-Smith, K. Rajendran, Aravinda K. Therimadasamy.
260 _aSingapore ;
_aHackensack, NJ :
_bWorld Scientific,
_cc2010.
300 _axii, 60 p. :
_bill. (some col.).
504 _aIncludes bibliographical references and index.
505 0 _aIntroduction : technical considerations of high resolution ultrasonography -- Finding the nerve -- Clinical applications.
533 _aElectronic reproduction.
_bPalo Alto, Calif. :
_cebrary,
_d2013.
_nAvailable via World Wide Web.
_nAccess may be limited to ebrary affiliated libraries.
650 0 _aNerves, Peripheral
_xUltrasonic imaging.
650 0 _aNerves, Peripheral
_xDiseases
_xDiagnosis.
655 7 _aElectronic books.
_2local
700 1 _aRajendran, K.
700 1 _aTherimadasamy, Aravinda K.
710 2 _aebrary, Inc.
856 4 0 _uhttp://site.ebrary.com/lib/rucke/Doc?id=10422544
_zAn electronic book accessible through the World Wide Web; click to view
999 _c238157
_d238157